000 00397nam a2200157 i 4500
001 bg
100 1 _aDietrych, Janusz
_d(1907-2001).
245 1 0 _aProjektowanie i konstruowanie /
_cJanusz Dietrych.
260 _aWarszawa,
_c1974.
650 9 _aMaszyny
_xbudowa i konstrukcje
040 _cBPK
041 _apol
080 _a621.01
942 _cKS
008 s pl f |000 0 pol
999 _c15740
_d15740
856 _uhttp://koha.tu.koszalin.pl/cgi-bin/koha/opac-detail.pl?biblionumber=15740
_yKatalog online BPK